| 000 | 01983nam a2200385 a 4500 | ||
|---|---|---|---|
| 001 | ebr10585550 | ||
| 003 | CaPaEBR | ||
| 006 | m u | ||
| 007 | cr cn||||||||| | ||
| 008 | 760331s1975 ne a sb 101 0 eng d | ||
| 010 | _z 76357722 | ||
| 020 | _z0202020169 (Aldine) | ||
| 020 | _z9027976899 (Mouton) | ||
| 020 | _z9789027976895 | ||
| 020 | _z9783110803808 (e-book) | ||
| 040 |
_aCaPaEBR _cCaPaEBR |
||
| 035 | _a(OCoLC)811402636 | ||
| 050 | 1 | 4 |
_aQL737.P9 _bI48 1973eb |
| 082 | 0 | 4 | _a599/.8/0438 |
| 111 | 2 |
_aInternational Congress of Anthropological and Ethnological Sciences _n(9th : _d1973 : _cChicago, Ill.) |
|
| 245 | 1 | 0 |
_aPrimate functional morphology and evolution _h[electronic resource] / _ceditor, Russell H. Tuttle. |
| 260 |
_aThe Hague : _bMouton ; _aChicago : _bdistributed in the USA and Canada by Aldine, _c1975. |
||
| 300 |
_a1 v. (various pagings) : _bill. |
||
| 440 | 0 | _aWorld anthropology | |
| 504 | _aIncludes bibliographical references and index. | ||
| 505 | 0 | _asection 1. New perspectives on the origin and deployment of Catarrhine primates -- section 2. Biomolecular perspectives on primate evolution -- section 3. Anatomical correlates of feeding behavior in monkeys, apes, and man -- section 4. Knuckle-walking and hominoid evolution -- section 5. Mechanisms and evolution of bipedalism in the Hominoidea -- section 6. Brain evolution in the Hominoidea and the evolution of human language. | |
| 533 |
_aElectronic reproduction. _bPalo Alto, Calif. : _cebrary, _d2011. _nAvailable via World Wide Web. _nAccess may be limited to ebrary affiliated libraries. |
||
| 650 | 0 |
_aPrimates _xEvolution _vCongresses. |
|
| 650 | 0 |
_aHuman evolution _vCongresses. |
|
| 650 | 0 |
_aPrimates _xAnatomy _vCongresses. |
|
| 655 | 7 |
_aElectronic books. _2local |
|
| 700 | 1 | _aTuttle, Russell. | |
| 710 | 2 | _aebrary, Inc. | |
| 856 | 4 | 0 |
_uhttp://site.ebrary.com/lib/rucke/Doc?id=10585550 _zAn electronic book accessible through the World Wide Web; click to view |
| 999 |
_c106359 _d106359 |
||